000 00299nam a22001217a 4500
008 180212b xxu||||| |||| 00| 0 eng d
041 _aeng
080 _a159.9
100 _a49
101 _aPSI
245 _aMeta-analysis cumulating research findings across studies
_cHunter,J.E
942 _2udc
_cBK
999 _c42294
_d42294